Els noms dels niguls a Mallorca (migjorn i llevant) (Registre núm. 63089)
[ vista simple ]
| 000 -LEADER | |
|---|---|
| campo de control de longitud fija | 01143aam a2200457a 44500 |
| 008 - DATOS DE LONGITUD FIJA--INFORMACIÓN GENERAL | |
| campo de control de longitud fija | 041110s2004 cat |
| 017 ## - NÚMERO DE COPYRIGHT O DE DEPÓSITO LEGAL | |
| Número de copyright o de depósito legal | PM-1379-2004 |
| 020 ## - NÚMERO INTERNACIONAL ESTÁNDAR DEL LIBRO | |
| Número Internacional Estándar del Libro | 8495694999 |
| 041 ## - CÓDIGO DE IDIOMA | |
| Código de lengua del texto/banda sonora o título independiente | cat |
| 080 ## - NÚMERO DE LA CLASIFICACIÓN DECIMAL UNIVERSAL | |
| Número de la Clasificación Decimal Universal | 551.5(038) |
| 100 ## - ENTRADA PRINCIPAL--NOMBRE DE PERSONA | |
| Nombre de persona | Bonet Vidal, Maria |
| 9 (RLIN) | 71934 |
| 245 ## - MENCIÓN DEL TÍTULO | |
| Título | Els noms dels niguls a Mallorca (migjorn i llevant) |
| 245 ## - MENCIÓN DEL TÍTULO | |
| Mención de responsabilidad, etc. | Maria Bonet Vidal |
| 245 ## - MENCIÓN DEL TÍTULO | |
| Mención de responsabilidad, etc. | Miquel Grimalt Gelabert |
| 260 ## - PUBLICACIÓN, DISTRIBUCIÓN, ETC. | |
| Lugar de publicación, distribución, etc. | Palma |
| 260 ## - PUBLICACIÓN, DISTRIBUCIÓN, ETC. | |
| Nombre del editor, distribuidor, etc. | Documenta Balear |
| 260 ## - PUBLICACIÓN, DISTRIBUCIÓN, ETC. | |
| Fecha de publicación, distribución, etc. | 2004 |
| 300 ## - DESCRIPCIÓN FÍSICA | |
| Extensión | 174 p. |
| Otras características físicas | il. |
| Dimensiones | 21 cm. |
| 365 ## - PRECIO COMERCIAL | |
| Cantidad | 16.00 |
| 365 ## - PRECIO COMERCIAL | |
| Código de moneda | euros |
| 490 ## - MENCIÓN DE SERIE | |
| Mención de serie | Menjavents; |
| Designación de volumen o secuencia | 53 |
| 500 ## - NOTA GENERAL | |
| Nota general | Bibliografia |
| 520 ## - RESUMEN, ETC. | |
| Nombre de termes | aprox. 310 |
| 522 ## - NOTA DE ÁMBITO GEOGRÁFICO | |
| Nota de ámbito geográfico | Mallorca |
| 546 ## - NOTA DE IDIOMA | |
| Llengua de les definicions | català |
| 591 ## - Codi de font | |
| Codi de font | 8630 |
| 592 ## - Tipus obra | |
| Tipus d'obra | Obra terminològica |
| 593 ## - Codi CGAT | |
| Codi de la CGAT | CE |
| 593 ## - Codi CGAT | |
| Codi de la CGAT | CEP |
| 594 ## - Número de document | |
| Número de document | 8630 |
| 650 ## - PUNTO DE ACCESO ADICIONAL DE MATERIA--TÉRMINO DE MATERIA | |
| Término de materia o nombre geográfico como elemento de entrada | meteorologia |
| 9 (RLIN) | 61036 |
| 650 ## - PUNTO DE ACCESO ADICIONAL DE MATERIA--TÉRMINO DE MATERIA | |
| Término de materia o nombre geográfico como elemento de entrada | núvols |
| 9 (RLIN) | 64204 |
| 700 ## - ENTRADA AGREGADA--NOMBRE PERSONAL | |
| Nombre de persona | Grimalt Gelabert, Miquel |
| 9 (RLIN) | 71935 |
| 830 ## - PUNTO DE ACCESO ADICIONAL DE SERIE-TÍTULO UNIFORME | |
| Título uniforme | Menjavents; |
| Designación de volumen o secuencia | 53 |
| 9 (RLIN) | 71936 |
| 901 ## - ELEMENTOS DE DATOS A LOCAL LDA (RLIN) | |
| c | <2004> |
| 902 ## - ELEMENTOS DE DATOS B LOCAL, LDB (RLIN) | |
| a | 041110 |
| 942 ## - ELEMENTOS DE ENTRADA SECUNDARIOS (KOHA) | |
| Tipo de ítem Koha | Monografia |
| Suprimir en OPAC | No |
| Estatus retirado | Estado de pérdida | Estado de daño | No para préstamo | Biblioteca de origen | Biblioteca actual | Fecha de adquisición | Total de préstamos | Signatura topográfica completa | Código de barras | Visto por última vez | Precio de reemplazo | Tipo de ítem Koha |
|---|---|---|---|---|---|---|---|---|---|---|---|---|
| TERMCAT | TERMCAT | 10/11/2004 | CEP 6 | 12164 | 30/09/2021 | 30/09/2021 | MO |